• 首页
  • 本馆介绍
  • 公告通知
  • 最新文献
  • 馆藏检索
  • 电子资源
  • 读者导购
  • 参考咨询
  • 我的图书馆
  • 登录
  • 详细信息显示
  • 放入我的书架
  • 预约/预借图书
  • 作者相关作品
  • 分类相关作品
  • 丛书相关作品
  • 出版社相关作品

书目信息

  • 表格格式
  • 工作单格式
  • 卡片格式
题名:
国际电子爱好者
    
 
作者: ;《国际电子爱好者》编辑组 编
分册: 1984年第4期  
出版信息: 北京   知识出版社  1984
页数: 80页
开本: 26cm
丛书名:
单 册:
中图分类: TN-49
科图分类:
主题词: 无线电技术--科技期刊
电子资源:
ISBN:
000 00664nam0 2200205 45
001 0184000726
005 20060529100425.59
010    @dCNY0.60
100    @a19960408d1984 em y0chiy0121 ea
101 0  @achi
102    @aCN@b110000
105    @ay z 000yy
200 10 @a国际电子爱好者@Aguo ji dian zi ai hao zhe@h1984年第4期@f《国际电子爱好者》编辑组编@F《guo ji dian zi ai hao zhe》bian ji zu bian
210    @a北京@c知识出版社@d1984
215    @a80页@d26cm
606    @a无线电技术@x科技期刊
690    @aTN-49@v3 
711  0 @a《国际电子爱好者》编辑组@A《guo ji dian zi ai hao zhe》bian ji zu@4编
801  0 @aCN@bTSSF@c20060529
905    @a10447@dTN-49@e4/84
    
    国际电子爱好者.1984年第4期/《国际电子爱好者》编辑组编.-北京:知识出版社,1984
    80页;26cm
    
    
    ISBN :CNY0.60
    
●
相关链接 在E读中查询图书 在五车中查询图书 在当当中查询图书 在豆瓣中查询图书


正题名:国际电子爱好者     索取号:TN-49/4/84         预约/预借

序号 登录号 条形码 馆藏地/架位号 状态 备注
1 0136666   202311122   密集书库/ [索取号:TN-49/4/84] 在馆    
2 0136667   202387504   密集书库/ [索取号:TN-49/4/84] 在馆    
3 0136668   202387620   密集书库/ [索取号:TN-49/4/84] 在馆    
4 0136669   202387639   密集书库/ [索取号:TN-49/4/84] 在馆    
5 0136670   202387675   密集书库/ [索取号:TN-49/4/84] 在馆    
6 0136671   202387540   密集书库/ [索取号:TN-49/4/84] 在馆    
唐山师范学院图书馆 欢迎您!
大连网信软件有限公司© 版权所有